How to bring men to Christ. (Record no. 10802)

000 -LEADER
fixed length control field 00731nam a2200205 a 4500
001 - CONTROL NUMBER
control field :::00008594$&:&@@
003 - CONTROL NUMBER IDENTIFIER
control field OkBaRHE
005 - DATE AND TIME OF LATEST TRANSACTION
control field 20010918153156.0
008 - FIXED-LENGTH DATA ELEMENTS--GENERAL INFORMATION
fixed length control field s1893 j 000 0 eng u
040 ## - CATALOGING SOURCE
Transcribing agency
100 1# - MAIN ENTRY--PERSONAL NAME
Personal name Torrey, R. A.
245 10 - TITLE STATEMENT
Title How to bring men to Christ.
260 ## - PUBLICATION, DISTRIBUTION, ETC. (IMPRINT)
Place of publication, distribution, etc New York City, NY., :
Name of publisher, distributor, etc Fleming H. Revell, Co.
Date of publication, distribution, etc 1893
300 ## - PHYSICAL DESCRIPTION
Extent 121 p.
650 ## - SUBJECT ADDED ENTRY--TOPICAL TERM
Topical term or geographic name as entry element Evangelism
942 ## - ADDED ENTRY ELEMENTS (KOHA)
Source of classification or shelving scheme
Koha item type Books
Copies
Damaged status Date acquired Barcode Lost status Withdrawn status Shelving location Not for loan Date last seen Price effective from Koha item type Full call number Copy number Permanent Location Source of classification or shelving scheme
 2010-04-148594  General Stacks 2010-04-142010-04-14BooksBV 3795 .T581RHEMA Bible Training College 
 2010-04-1419328  General Stacks 2010-04-142010-04-14BooksBV 3795 .T582RHEMA Bible Training College 
 2010-04-1419567  General Stacks 2010-04-142010-04-14BooksBV 3795 .T583RHEMA Bible Training College